Cat Breeds Picture Quiz - Statistics

General Stats
  • This quiz has been taken 131 times
  • The average score is 7 of 12
Answer Stats
Picture Answer % Correct
Siamese
92%
British Shorthair
81%
Persian
74%
Sphynx
74%
Maine Coon
70%
Bengal
67%
Ragdoll
67%
Norwegian Forest
52%
Turkish Angora
39%
Bombay
35%
Somali
25%
Lykoi
19%
No matching quizzes found
Score Distribution
Percent of People with Each Score
Percentile by Number Answered
Your Score History
You have not taken this quiz